Macau Metro Stations with a map - Statistics

General Stats
  • This quiz has been taken 19 times
  • The average score is 11 of 17
Answers on the Map
Answers color-coded by a green-red scale on the quiz's map according to % correct below.
 
Answer Stats
Answer % Correct
Aeroporto 機場
83%
Hengqin 橫琴
83%
Barra 媽閣
75%
Cotai Leste 路氹東
75%
Hospital Union 協和醫院
75%
Hospital Union 協和醫院
75%
Cotai Oeste 路氹西
67%
Jogos da Ásia Oriental 東亞運
67%
Lótus 蓮花
67%
Lótus 蓮花
67%
Jockey Clube 馬會
58%
Oceano 海洋
58%
Pai Kok 排角
58%
Seac Pai Van 石排灣
58%
Terminal Marítimo da Taipa 氹仔碼頭
58%
UCTM 科大
58%
Estádio 運動場
42%
No matching quizzes found
Score Distribution
Percent of People with Each Score
Percentile by Number Answered
Your Score History
You have not taken this quiz